| Tag |
First Indicator |
Second Indicator |
Subfields |
| LEADER |
00000cam a2200000 a 4500 |
| 001 |
in00000855721 |
| 005 |
20151019065640.0 |
| 008 |
850401s1985 dcuab b f00010 eng d |
| 010 |
|
|
|a gp 85021169
|
| 035 |
|
|
|a (OCoLC)11871411
|
| 035 |
|
|
|9 AED1740AM
|
| 040 |
|
|
|a GIS
|c GIS
|d GPO
|d UtOrBLW
|
| 043 |
|
|
|a n-us-id
|
| 074 |
|
|
|a 624-B
|
| 086 |
0 |
|
|a I 19.42/4:84-4294
|
| 100 |
1 |
|
|a Whitehead, R. L.
|
| 245 |
1 |
0 |
|a Results of geohydrologic test drilling in the Eastern Snake River Plain, Gooding County, Idaho /
|c by R.L. Whitehead and G.F. Lindholm.
|
| 264 |
|
1 |
|a Washington, D.C. :
|b U.S. Geological Survey,
|c 1985.
|
| 300 |
|
|
|a ii, 30 pages :
|b illustrations, maps ;
|c 28 cm.
|
| 336 |
|
|
|a text
|b txt
|2 rdacontent
|
| 337 |
|
|
|a unmediated
|b n
|2 rdamedia
|
| 338 |
|
|
|a volume
|b nc
|2 rdacarrier
|
| 490 |
1 |
|
|a Water-resources investigations report ;
|v 84-4294
|
| 500 |
|
|
|a "Prepared as part of the Snake River Plain Regional Aquifer-Systems Analysis Study."
|
| 500 |
|
|
|a 1 map on folded leaf in pocket.
|
| 504 |
|
|
|a Bibliography: pages 18-19.
|
| 650 |
|
0 |
|a Geology
|z Idaho
|z Snake River Plain.
|
| 650 |
|
0 |
|a Hydrology
|z Idaho
|z Snake River Plain.
|
| 700 |
1 |
|
|a Lindholm, Gerald F.
|
| 710 |
2 |
|
|a Geological Survey (U.S.)
|
| 830 |
|
0 |
|a Water-resources investigations report ;
|v 84-4294.
|
| 999 |
|
|
|a MARS
|
| 999 |
f |
f |
|s e580f6ad-5fdc-3301-9c56-210ec9d8ca42
|i 16fa6918-a1c6-3cc3-9f74-2ead45a01f64
|t 0
|
| 952 |
f |
f |
|p normal
|a Texas A&M University
|b College Station
|c Sterling C. Evans Library
|d Evans: US Documents (Annex 5th floor)
|t 0
|e I 19.42/4:84-4294
|h Superintendent of Documents classification
|i unmediated -- volume
|m A14814522930
|
| 998 |
f |
f |
|a I 19.42/4:84-4294
|t 0
|l Evans: US Documents (Annex 5th floor)
|